000 00317nam a2200097Ia 4500
008 220120s9999||||xx |||||||||||||| ||und||
100 _aSonica Ponnamma A L
_912842
245 0 _aLow cost rotary type multi crop dryer
260 _aCoorg Institute of Technology
_bPonnampet
_c2004
650 _aELECTRONICS AND COMMUNICATIONS
999 _c138442
_d138442